|
|
|
|
| LEADER |
00000naa2a2200000 4500 |
| 001 |
387689 |
| 005 |
20231101063636.0 |
| 035 |
|
|
|a (RuTPU)RU\TPU\prd\17670
|
| 090 |
|
|
|a 387689
|
| 100 |
|
|
|a 20030923a2003 k y0rusy50 ca
|
| 101 |
0 |
|
|a rus
|
| 102 |
|
|
|a RU
|
| 200 |
1 |
|
|a Генерализация электронной карты в сетевой геоинформационной системе
|f С. Л. Беляков, Э. М. Котов
|
| 225 |
1 |
|
|a Геоинформационные системы
|
| 320 |
|
|
|a Библиогр.: 3 назв.
|
| 461 |
|
1 |
|0 (RuTPU)RU\TPU\prd\1520
|t Информационные технологии
|o теоретический и прикладной научно-технический журнал
|d 2000-
|
| 463 |
|
1 |
|0 (RuTPU)RU\TPU\prd\16195
|t № 6
|v С. 16-19
|d 2003
|
| 610 |
1 |
|
|a электронные карты
|
| 610 |
1 |
|
|a генерализация
|
| 610 |
1 |
|
|a сетевая геоинформационная система
|
| 610 |
1 |
|
|a картографические образы
|
| 675 |
|
|
|a 004.3
|v 3
|
| 700 |
|
1 |
|a Беляков
|b С. Л.
|
| 701 |
|
1 |
|a Котов
|b Э. М.
|
| 801 |
|
1 |
|a RU
|b 63413507
|c 20030923
|g PSBO
|
| 801 |
|
2 |
|a RU
|b 63413507
|c 20130507
|g RCR
|
| 942 |
|
|
|c BK
|